000 00325nam a2200133Ia 4500
008 191201s2002 xx 000 0 und d
082 _a658
_bMOB
100 _aMOSHAL, B S
245 0 _aBusiness Organisation and Management
260 _aN.Delhi
_bGalgotia Pub. Pvt
_c2002
300 _a474
650 _aMBA
942 _2ddc
_cBK
999 _c3107
_d3107